000
00359nam a2200145Ia 4500
008
151213s9999 xx 000 0 und d
100
_a
John R. Hubbard
245
_a
Data structures with - C++
_c
John R. Hubbard
260
_a
New York
_b
McGraw hill
300
_a
739 p.
650
_a
Computer
650
_a
Computer
700
_a
John R. Hubbard
999
_c
945
_d
945